Grammar Sense 3: Workbook

Spremljeno u:
Bibliografski detalji
Glavni autor: Blackwell, Angela
Format: Knjiga
Jezik:Undetermined
Izdano: Oxford Oxford University Press 2003
Teme:
Oznake: Dodaj oznaku
Bez oznaka, Budi prvi tko označuje ovaj zapis!
Thư viện lưu trữ: Trung tâm Học liệu Trường Đại học Cần Thơ
LEADER 00562nam a2200205Ia 4500
001 CTU_65288
008 210402s9999 xx 000 0 und d
020 |b 118000 
082 |a 428.34 
082 |b B632/B.3 
100 |a Blackwell, Angela 
245 0 |a Grammar Sense 3: Workbook 
245 0 |c Angela Blackwell, Karen Davy 
260 |a Oxford 
260 |b Oxford University Press 
260 |c 2003 
650 |a english language 
650 |x textbooks for foreign speakers 
904 |i Năm 
980 |a Trung tâm Học liệu Trường Đại học Cần Thơ